00486pab a2200157 454500008004000000100002500040245007300065260000900138300001300147362001200160650002500172650003500197650002700232700002200259773004700281180718b2005 xxu||||| |||| 00| 0 eng d aRaju, B.R. Srinivasa aAssessment of corporate university with respect to Indian industries c2005 ap.49-62. aJul-Sep aUniversities - India aIndustry and education - India aIndustry and education aThanikachalam, V. aIndian Journal of Training and Development